| 000 | 00966cam a2200277 i 4500 | ||
|---|---|---|---|
| 999 |
_c331128 _d331128 |
||
| 001 | 1841295 | ||
| 003 | NUST | ||
| 005 | 20170915113711.0 | ||
| 008 | 810528s1980 pk b 000 0 urdo | ||
| 010 | _a 80930489 | ||
| 040 |
_aDLC _cDLC _dDLC |
||
| 043 | _aa-pk--- | ||
| 050 | 0 | 0 |
_aDS392.B28 _bQ32 |
| 082 |
_a954.915 _bQAD |
||
| 100 | 1 |
_aQādrī, Kāmil, _d1932- _94609 |
|
| 245 | 1 | 0 |
_aMuhimmāt-i Balocistān / _cKāmilulqādirī. |
| 260 |
_aQuetta : _bNisāʼ Ṭreḍarz : _btaqsīm kar, Goshah-yi Adab, _c2008 |
||
| 300 |
_a2 v. (602 p.) ; _c23 cm. |
||
| 500 | _aIn Urdu. | ||
| 500 | _aTwo hundred and fifty copies printed. | ||
| 504 | _aIncludes bibliographical references. | ||
| 650 | 0 |
_aBaluchi literature _xHistory and criticism. _94610 |
|
| 651 | 0 |
_aBalochistān (Pakistan) _xHistory. _91750 |
|
| 651 | 0 |
_aBalochistān (Pakistan) _xCivilization. _94611 |
|
| 880 |
_6100-01\(3\r _aکامل قادری |
||
| 880 |
_6245-02\(3\r _aمہمات بلوچستان: _bپر عزم بلوچوں کے عظیم کارناموں کی داستان- بلوچستان میں برپا شورشوں اور معرکوں کا احوال _cکامل قادری |
||
| 880 |
_6260-03\(3\r _aکوئٹہ: _bگوشہ ادب، _c2009 |
||
| 906 |
_a7 _bcbc _corignew _d4 _encip _f19 _gy-gencatlg |
||
| 942 |
_2ddc _cBK |
||